Essentials of obstetrics and gynecology / (Record no. 4841)

000 -LEADER
fixed length control field 00716nam a2200241 a 4500
003 - CONTROL NUMBER IDENTIFIER
control field UkOxU
005 - DATE AND TIME OF LATEST TRANSACTION
control field 20220329134118.0
008 - FIXED-LENGTH DATA ELEMENTS--GENERAL INFORMATION
fixed length control field 500101s1992 pau 000 0 eng d
020 ## - INTERNATIONAL STANDARD BOOK NUMBER
International Standard Book Number 0721636683
040 ## - CATALOGING SOURCE
Transcribing agency ALUPE UNIVERSITY
050 ## - LIBRARY OF CONGRESS CALL NUMBER
Classification number RG101
Item number .E87 1992
092 ## - LOCALLY ASSIGNED DEWEY CALL NUMBER (OCLC)
Classification number D0501368366
245 00 - TITLE STATEMENT
Title Essentials of obstetrics and gynecology /
Statement of responsibility, etc. [edited by] Neville F. Hacker, J. George Moore
250 ## - EDITION STATEMENT
Edition statement 2nd ed
260 ## - PUBLICATION, DISTRIBUTION, ETC.
Place of publication, distribution, etc. Philadelphia ;
-- London :
Name of publisher, distributor, etc. Saunders,
Date of publication, distribution, etc. c1992
300 ## - PHYSICAL DESCRIPTION
Extent xviii, 679 p ;
Dimensions 26 cm
650 #0 - SUBJECT ADDED ENTRY--TOPICAL TERM
Topical term or geographic name entry element Gynecology
650 #0 - SUBJECT ADDED ENTRY--TOPICAL TERM
Topical term or geographic name entry element Obstetrics
700 1# - ADDED ENTRY--PERSONAL NAME
Personal name Hacker, Neville F.
700 1# - ADDED ENTRY--PERSONAL NAME
Personal name Moore, J. George,
Dates associated with a name 1917-
942 ## - ADDED ENTRY ELEMENTS (KOHA)
Source of classification or shelving scheme
Koha item type Book
Holdings
Withdrawn status Lost status Source of classification or shelving scheme Damaged status Not for loan Permanent Location Current Location Shelving location Date acquired Source of acquisition Total Checkouts Full call number Barcode Date last seen Price effective from Koha item type Public note
          AU LIBRARY AU LIBRARY Open Shelf 29.03.2022 DONATION FROM MOI UNIVERSITY   RG101 .E87 1992 28009167 29.03.2022 29.03.2022 Book SM

Powered by Koha